Catálogo (Record no. 114881)

MARC details
000 -LEADER
campo de control de longitud fija 00962nam a2200241 i 4500
001 - NÚMERO DE CONTROL
campo de control 114881
003 - IDENTIFICADOR DE NÚMERO DE CONTROL
campo de control ES-MaACL
005 - FECHA Y HORA DE LA ÚLTIMA TRANSACCIÓN
campo de control 20230906190256.0
007 - CAMPO FIJO DE DESCRIPCIÓN FÍSICA--INFORMACIÓN GENERAL
campo de control de longitud fija t|
008 - DATOS DE LONGITUD FIJA--INFORMACIÓN GENERAL
campo de control de longitud fija 070206s1923 sp ||||1| spa d
080 ## - NÚMERO DE LA CLASIFICACIÓN DECIMAL UNIVERSAL
Número de la Clasificación Decimal Universal 271.65(8.03)
100 1# - ENTRADA PRINCIPAL--NOMBRE DE PERSONA
Nombre de persona Torres Lanzas, Pedro.
9 (RLIN) 110975
245 10 - MENCIÓN DEL TÍTULO
Título Catálogo
Resto del título : cuadro general de la documentación /
Mención de responsabilidad, etc. por Pedro Torres Lanzas y Germán Latorre.
260 ## - PUBLICACIÓN, DISTRIBUCIÓN, ETC.
Lugar de publicación, distribución, etc. Sevilla :
Nombre del editor, distribuidor, etc. [s.n],
Fecha de publicación, distribución, etc. 1918 (
Fabricante Tip. Zarzuela)
300 ## - DESCRIPCIÓN FÍSICA
Extensión 165 p. ;
Dimensiones 24 cm.
490 1# - MENCIÓN DE SERIE
Mención de serie Publicaciones del Centro Oficial de Estudios Americanistas de Sevilla . Biblioteca colonial americana ;
Designación de volumen o secuencia v. 1
500 ## - NOTA GENERAL
Nota general Precede al Tít. : Archivo General de Indias.
610 2# - PUNTO DE ACCESO ADICIONAL DE MATERIA--NOMBRE DE ENTIDAD CORPORATIVA
Nombre de entidad corporativa o nombre de jurisdicción como elemento de entrada Archivo General de Indias-
Subdivisión general Catálogos.
9 (RLIN) 1431
700 1# - ENTRADA AGREGADA--NOMBRE PERSONAL
Nombre de persona Latorre, Germán.
9 (RLIN) 70531
830 0# - PUNTO DE ACCESO ADICIONAL DE SERIE-TÍTULO UNIFORME
Título uniforme Publicaciones del Centro Oficial de Estudios Americanistas de Sevilla . Biblioteca colonial americana ;
Designación de volumen o secuencia v. 1
9 (RLIN) 185793
852 ## - LOCALIZACIÓN
Ubicación ES-MaACL
Número de control de estantería E-4437
Holdings
Estatus retirado Estado de pérdida Estado de daño No para préstamo Biblioteca de origen Biblioteca actual Ubicación en estantería Fecha de adquisición Fuente de adquisición Total de préstamos Signatura topográfica completa Código de barras Visto por última vez Precio de reemplazo Tipo de ítem Koha
        Biblioteca del Ateneo de Madrid Biblioteca del Ateneo de Madrid Depósito 2 17/01/2008     E-4437 1119798 23/02/2023 23/02/2023 Libro impreso